000 00453nam a2200157 a 4500
001 000048046
005 20201002060902.0
008 181109s2018a dr 000 spa d
040 _aDO-SdBNP
_bspa
_cBNPHU
082 _axxx
_bP592c
100 _aPichardo, Teofilo
_952177
245 0 _aComo evitar el suicidio. /
_cTeofilo Pichardo.
260 _aSanto Domingo :
_b[s.n],
_c2018.
300 _a204 p. :
_bil. ;
_c22 cm.
590 _aInventariado, 2018 / DG
999 _c47534
_d47534